LEADER 00945nam 2200313 450 001 996713508703316 005 20260310151254.0 010 $a88-07-81375-0 100 $a20260310d1996----km y0itay5003 ba 101 0 $aita 102 $aIT 105 $ay 00 y 200 1 $aAmerica perduta$ein viaggio attraverso gli USA$fBill Bryson$gtraduzione di Amedeo Poggi e Annamaria Melania Galliazzo 210 $aMilano$cFeltrinelli$d1996 215 $a302 p.$d20 cm 225 2 $aUniversale economica$v1375 410 0$12001$aUniversale economica$v1375 606 0 $aStati Uniti d'America$xViaggi$2BNCF 676 $a818.5403 700 1$aBRYSON,$bBill$0131397 702 1$aPOGGI,$bAmedeo 702 1$aGALLIAZZO,$bAnnamaria Melania 801 0$aIT$bcba$gREICAT 912 $a996713508703316 951 $aXVI.8. 85$b94808 G.$cXVI.8.$d373900 959 $aBK 969 $aFAVAG 996 $aAmerica perduta$94548962 997 $aUNISA